[Event "2. Bundesliga Mitte 2013/2014"]
[Site "Fuerstenfeld"]
[Date "2013.10.06"]
[Round "3"]
[Board "6"]
[White "Heimberger, Reinhard"]
[Black "Testor, Sebastian"]
[Result "1/2-1/2"]
[WhiteElo "2303"]
[BlackElo "2308"]
[PlyCount "114"]
[EventDate "2013.10.04"]
[EventType "team"]
[EventRounds "11"]
[EventCountry "AUT"]
[WhiteTeam "ASK St. Valentin"]
[BlackTeam "Spg. Sauwald"]

1. d4 Nf6 2. g3 d5 3. Bg2 c6 4. Nf3 Bf5 5. O-O e6 6. b3 h6 7. Bb2 Be7 8. c4 O-O
9. Nc3 Ne4 10. Nd2 Nxc3 11. Bxc3 Nd7 12. e4 dxe4 13. Nxe4 Nf6 14. Nc5 Qc7 15.
Qe2 Rad8 16. Rfd1 Rfe8 17. Nd3 Nd7 18. Qb2 Bf6 19. Ne5 Nxe5 20. dxe5 Be7 21. b4
Rxd1+ 22. Rxd1 Rd8 23. Rxd8+ Qxd8 24. Qd2 Qxd2 25. Bxd2 Bd3 26. c5 Kh7 27. f4
h5 28. Kf2 g6 29. Ke3 Bc4 30. a3 Kg7 31. Kd4 Bb5 32. Be4 Be2 33. Bd3 Bxd3 34.
Kxd3 Kf8 35. Kc4 Ke8 36. a4 Kd7 37. b5 Bd8 38. h3 Be7 39. Ba5 Bf8 40. Bc3 Be7
41. Bd2 Bd8 42. Bc3 Be7 43. Bd4 Bd8 44. b6 a6 45. Kd3 Be7 46. Ke4 Ke8 47. Bf2
Kf8 48. g4 hxg4 49. hxg4 Ke8 50. f5 exf5+ 51. gxf5 gxf5+ 52. Kxf5 Kd7 53. Be3
Ke8 54. e6 fxe6+ 55. Kxe6 Bf8 56. Bd4 Be7 57. Be3 Bf8 1/2-1/2

[Event "2. Bundesliga Mitte 2013/2014"]
[Site "Fuerstenfeld"]
[Date "2013.10.06"]
[Round "3"]
[Board "1"]
[White "Nemeth, Miklos"]
[Black "Haba, Petr"]
[Result "1/2-1/2"]
[WhiteElo "2482"]
[BlackElo "2498"]
[PlyCount "49"]
[EventDate "2013.10.04"]
[EventType "team"]
[EventRounds "11"]
[EventCountry "AUT"]
[WhiteTeam "SV Steyregg"]
[BlackTeam "Spg. Grieskirchen/Sedda B.Schallerbach"]

1. e4 e5 2. Nf3 Nc6 3. Bc4 Bc5 4. c3 Nf6 5. d3 O-O 6. O-O d5 7. exd5 Nxd5 8.
Re1 Bg4 9. h3 Bh5 10. Nbd2 Nb6 11. Bb5 Bd6 12. Ne4 a6 13. Bxc6 bxc6 14. Ng3 Bg6
15. Nxe5 Bxe5 16. Rxe5 Qxd3 17. Qxd3 Bxd3 18. b3 Rfe8 19. Rxe8+ Rxe8 20. Bd2 a5
21. Bf4 Nd5 22. Bd2 Nb6 23. Bf4 Nd5 24. Bd2 Nb6 25. Bf4 1/2-1/2

[Event "2. Bundesliga Mitte 2013/2014"]
[Site "Fuerstenfeld"]
[Date "2013.10.06"]
[Round "3"]
[Board "2"]
[White "Kilgus, Georg"]
[Black "Kociscak, Jiri"]
[Result "0-1"]
[WhiteElo "2430"]
[BlackElo "2434"]
[PlyCount "94"]
[EventDate "2013.10.04"]
[EventType "team"]
[EventRounds "11"]
[EventCountry "AUT"]
[WhiteTeam "Spg. Grieskirchen/Sedda B.Schallerbach"]
[BlackTeam "SV Steyregg"]

1. Nf3 f5 2. g3 Nf6 3. Bg2 g6 4. b4 d6 5. d4 Bg7 6. Bb2 O-O 7. O-O c6 8. c4
Nbd7 9. Nbd2 e5 10. dxe5 Ng4 11. Qb3 Ndxe5 12. Nxe5 dxe5 13. c5+ Kh8 14. Nc4
Be6 15. Qc2 Qc7 16. Rfd1 f4 17. Rd6 Qf7 18. Rxe6 Qxe6 19. Bh3 Ne3 20. Bxe6 Nxc2
21. Rd1 Nd4 22. Bxd4 exd4 23. Nd6 fxg3 24. hxg3 h6 25. Nxb7 Rae8 26. Bc4 Rb8
27. Ba6 Rf7 28. Nd6 Rd7 29. a3 Be5 30. Nc4 Bc7 31. Nd2 g5 32. Nf3 Rbd8 33. Bb7
g4 34. Nh4 Bxg3 35. Ng6+ Kg7 36. Bxc6 Bxf2+ 37. Kxf2 Rf7+ 38. Kg3 Kxg6 39. Kxg4
h5+ 40. Kh4 Rf4+ 41. Kg3 Kf5 42. Bf3 h4+ 43. Kf2 h3 44. b5 h2 45. Rh1 d3 46.
Ke1 d2+ 47. Kd1 Rc4 0-1

[Event "2. Bundesliga Mitte 2013/2014"]
[Site "Fuerstenfeld"]
[Date "2013.10.06"]
[Round "3"]
[Board "4"]
[White "Singer, Christoph"]
[Black "Enoeckl, Philipp"]
[Result "1/2-1/2"]
[WhiteElo "2341"]
[BlackElo "2339"]
[PlyCount "165"]
[EventDate "2013.10.04"]
[EventType "team"]
[EventRounds "11"]
[EventCountry "AUT"]
[WhiteTeam "Spg. Grieskirchen/Sedda B.Schallerbach"]
[BlackTeam "SV Steyregg"]

1. e4 e6 2. d4 d5 3. Nd2 Nf6 4. e5 Nfd7 5. f4 c5 6. Ngf3 Nc6 7. Nb3 c4 8. Nbd2
b5 9. Be2 Qb6 10. Nf1 f6 11. exf6 Nxf6 12. c3 b4 13. Ng3 Bd6 14. O-O O-O 15.
Kh1 bxc3 16. bxc3 Qa5 17. Ne5 Ne7 18. Qc2 Nf5 19. Bf3 Nh4 20. Nxc4 Qc7 21. Nxd6
Qxd6 22. a4 Rf7 23. Ba3 Qc6 24. Bd1 Nf5 25. Nxf5 exf5 26. Bf3 Ba6 27. Rf2 Ne4
28. Bxe4 fxe4 29. Re1 Bd3 30. Qd2 Qxa4 31. Bd6 Qc6 32. Be5 a5 33. f5 a4 34. f6
a3 35. Ra1 Bc4 36. fxg7 Rxf2 37. Qxf2 a2 38. h3 Qh6 39. Qf5 e3 40. Bf6 Qg6 41.
Qe6+ Qf7 42. Qd6 Re8 43. Be5 e2 44. Kh2 Re6 45. Qd8+ Qe8 46. Qc7 Re7 47. Qd6
Rb7 48. Re1 Rd7 49. Qc6 Re7 50. Qd6 Re6 51. Qc7 Ra6 52. Ra1 e1=Q 53. Rxe1 a1=Q
54. Rxa1 Rxa1 55. Qd6 Ra6 56. Qc7 Rc6 57. Qb7 Bd3 58. Qb3 Be4 59. Qb4 Rc8 60.
Qa5 Qf7 61. Qa6 Re8 62. Qb5 Qg6 63. Qe2 h5 64. Qf2 Qf5 65. Qg3 Re6 66. Qh4 Qg6
67. Qf2 Kh7 68. g4 Rxe5 69. dxe5 hxg4 70. Qh4+ Kxg7 71. Qe7+ Qf7 72. Qg5+ Kf8
73. Qd8+ Kg7 74. Qg5+ Bg6 75. hxg4 Qf2+ 76. Kh3 Qf3+ 77. Kh4 Qh1+ 78. Kg3 Qe1+
79. Kg2 Qe2+ 80. Kg3 Qe1+ 81. Kg2 Kh7 82. Qe7+ Kh6 83. Qf8+ 1/2-1/2

[Event "2. Bundesliga Mitte 2013/2014"]
[Site "Fuerstenfeld"]
[Date "2013.10.06"]
[Round "3"]
[Board "6"]
[White "Schwabeneder, Alois"]
[Black "Kubinger, Thomas"]
[Result "1/2-1/2"]
[WhiteElo "2038"]
[BlackElo "2152"]
[PlyCount "60"]
[EventDate "2013.10.04"]
[EventType "team"]
[EventRounds "11"]
[EventCountry "AUT"]
[WhiteTeam "Spg. Grieskirchen/Sedda B.Schallerbach"]
[BlackTeam "SV Steyregg"]

1. Nf3 d5 2. b3 c5 3. Bb2 Nf6 4. e3 Nc6 5. Be2 Bg4 6. O-O e6 7. d4 Be7 8. Nbd2
O-O 9. c4 cxd4 10. Nxd4 Bxe2 11. Qxe2 Rc8 12. Rfd1 Qa5 13. cxd5 Nxd5 14. Nc4
Qa6 15. Nf5 exf5 16. Rxd5 g6 17. a4 Rfd8 18. Rad1 Bf8 19. Rxd8 Rxd8 20. Rxd8
Nxd8 21. Qc2 Ne6 22. Ne5 Qd6 23. h3 Qd8 24. Qd3 Qxd3 25. Nxd3 Nc5 26. Nxc5 Bxc5
27. Kf1 Kf8 28. Ke2 Ke7 29. Kd3 Bd6 30. Bd4 a6 1/2-1/2

[Event "2. Bundesliga Mitte 2013/2014"]
[Site "Fuerstenfeld"]
[Date "2013.10.06"]
[Round "3"]
[Board "1"]
[White "Supancic, Darko"]
[Black "Freitag, Manfred"]
[Result "0-1"]
[WhiteElo "2334"]
[BlackElo "2382"]
[PlyCount "64"]
[EventDate "2013.10.04"]
[EventType "team"]
[EventRounds "11"]
[EventCountry "AUT"]
[WhiteTeam "Strassenbahn Graz"]
[BlackTeam "ESV Austria Graz"]

1. Nf3 Nf6 2. d4 g6 3. Bg5 Bg7 4. Nbd2 O-O 5. c3 d5 6. e3 c5 7. Bd3 Qb6 8. Qb3
c4 9. Qxb6 axb6 10. Bc2 b5 11. a3 Nc6 12. O-O Bf5 13. Bxf5 gxf5 14. Bxf6 Bxf6
15. Rfd1 e6 16. Ne1 Be7 17. Nc2 Bd6 18. g3 Ne7 19. f3 Nc8 20. Kf2 Nb6 21. Rab1
f6 22. f4 Na4 23. Nf3 Kf7 24. Rd2 Rfc8 25. Nce1 Bxa3 26. bxa3 Nxc3 27. Rb4 Rxa3
28. Kf1 Rca8 29. Rc2 R8a4 30. Rcb2 Rxb4 31. Rxb4 Ra2 32. Ng1 Ke7 0-1

[Event "2. Bundesliga Mitte 2013/2014"]
[Site "Fuerstenfeld"]
[Date "2013.10.06"]
[Round "3"]
[Board "2"]
[White "Karner, Christoph"]
[Black "Krebs, Johann"]
[Result "1-0"]
[WhiteElo "2343"]
[BlackElo "2250"]
[PlyCount "69"]
[EventDate "2013.10.04"]
[EventType "team"]
[EventRounds "11"]
[EventCountry "AUT"]
[WhiteTeam "ESV Austria Graz"]
[BlackTeam "Strassenbahn Graz"]

1. d4 Nf6 2. Nf3 g6 3. g3 Bg7 4. Bg2 c5 5. c3 O-O 6. O-O Qc7 7. Re1 b6 8. e4
Bb7 9. e5 Ne8 10. Bf4 Qc8 11. d5 Na6 12. c4 Nac7 13. Nc3 d6 14. Qd2 Qd7 15. Bh6
b5 16. Bxg7 Nxg7 17. Ne4 Nce8 18. b3 bxc4 19. bxc4 Qa4 20. Bh3 f6 21. Qh6 dxe5
22. Nxc5 Qb4 23. Nd7 Qxc4 24. Nxf8 Qxd5 25. Qxh7+ Kxf8 26. Bg2 g5 27. Nh4 Qd7
28. Red1 Nd6 29. Bxb7 Qxb7 30. Rab1 Qc6 31. Ng6+ Kf7 32. Nxe7 Kxe7 33. Qxg7+
Ke6 34. Rbc1 Qf3 35. Qc7 1-0

[Event "2. Bundesliga Mitte 2013/2014"]
[Site "Fuerstenfeld"]
[Date "2013.10.06"]
[Round "3"]
[Board "3"]
[White "Pesorda, Ivan"]
[Black "Kotz, Heinz Peter"]
[Result "0-1"]
[WhiteElo "2246"]
[BlackElo "2339"]
[PlyCount "66"]
[EventDate "2013.10.04"]
[EventType "team"]
[EventRounds "11"]
[EventCountry "AUT"]
[WhiteTeam "Strassenbahn Graz"]
[BlackTeam "ESV Austria Graz"]

1. d4 Nf6 2. c4 g6 3. Nc3 Bg7 4. e4 d6 5. f4 O-O 6. Nf3 Na6 7. Bd3 e5 8. fxe5
dxe5 9. d5 Nh5 10. O-O Bg4 11. Be3 Qe7 12. a3 Nf4 13. Bc2 c5 14. Rb1 Rad8 15.
Qd2 Ne6 16. Nb5 Nd4 17. Nfxd4 cxd4 18. Bg5 f6 19. Bh4 Bd7 20. b4 Bxb5 21. cxb5
Nc7 22. Bd3 Ne8 23. Rbc1 Nd6 24. Rc5 Rf7 25. Rfc1 Qf8 26. Qe2 Re8 27. g4 f5 28.
h3 fxe4 29. Bxe4 Rf4 30. Bg2 e4 31. Bg3 d3 32. Qe3 Bh6 33. Qd4 Rf3 0-1

[Event "2. Bundesliga Mitte 2013/2014"]
[Site "Fuerstenfeld"]
[Date "2013.10.06"]
[Round "3"]
[Board "4"]
[White "Spindelboeck, Gernot"]
[Black "Steiner, Stefan"]
[Result "1/2-1/2"]
[WhiteElo "2252"]
[BlackElo "2284"]
[PlyCount "82"]
[EventDate "2013.10.04"]
[EventType "team"]
[EventRounds "11"]
[EventCountry "AUT"]
[WhiteTeam "ESV Austria Graz"]
[BlackTeam "Strassenbahn Graz"]

1. d4 Nc6 2. Nf3 d5 3. Bf4 Bg4 4. e3 e6 5. Be2 Bd6 6. Bg3 Nge7 7. Nbd2 Nf5 8.
Bxd6 Nxd6 9. O-O O-O 10. h3 Bh5 11. Rc1 Ne7 12. c4 c6 13. c5 Ne4 14. Nxe4 dxe4
15. Nd2 Bxe2 16. Qxe2 f5 17. Qc4 Qd5 18. Qxd5 exd5 19. f4 exf3 20. gxf3 Rad8
21. f4 Rde8 22. Nf3 Ng6 23. Rc3 Rf7 24. b4 a6 25. a4 Rfe7 26. Kf2 Nf8 27. Ne5
Nd7 28. Nxd7 Rxd7 29. b5 axb5 30. axb5 Ra8 31. bxc6 bxc6 32. Rb1 Kf7 33. Rb6
Rc7 34. Rcb3 Ke7 35. Rb8 Rxb8 36. Rxb8 Kf7 37. Kf3 Re7 38. Rc8 Re6 39. Rc7+ Kf6
40. Kf2 h6 41. h4 h5 1/2-1/2

[Event "2. Bundesliga Mitte 2013/2014"]
[Site "Fuerstenfeld"]
[Date "2013.10.06"]
[Round "3"]
[Board "5"]
[White "Detter, Peter"]
[Black "Schrittwieser, Herbert"]
[Result "1-0"]
[WhiteElo "2069"]
[BlackElo "2184"]
[PlyCount "79"]
[EventDate "2013.10.04"]
[EventType "team"]
[EventRounds "11"]
[EventCountry "AUT"]
[WhiteTeam "Strassenbahn Graz"]
[BlackTeam "ESV Austria Graz"]

1. d4 Nf6 2. c4 e6 3. g3 Bb4+ 4. Bd2 Qe7 5. Bg2 Nc6 6. a3 Bxd2+ 7. Qxd2 a5 8.
Nc3 d6 9. Nf3 O-O 10. O-O Re8 11. e4 e5 12. d5 Nb8 13. b4 Na6 14. Qb2 Bd7 15.
Rfc1 Reb8 16. Nd2 Rc8 17. Nd1 Re8 18. Qc3 axb4 19. axb4 c6 20. Ne3 Nc7 21. Rxa8
Rxa8 22. Ra1 Rxa1+ 23. Qxa1 cxd5 24. exd5 Na6 25. Qa5 Bc8 26. Nb3 g6 27. c5 Nd7
28. c6 Nf6 29. b5 Nc5 30. Nxc5 dxc5 31. Qa8 Qe8 32. cxb7 Bxb7 33. Qxb7 e4 34.
Qc6 Qe5 35. Qxc5 h5 36. b6 Qa1+ 37. Bf1 Kg7 38. b7 Qb2 39. Qa7 Ng4 40. Nxg4 1-0

[Event "2. Bundesliga Mitte 2013/2014"]
[Site "Fuerstenfeld"]
[Date "2013.10.06"]
[Round "3"]
[Board "6"]
[White "Aschenbrenner, Robert"]
[Black "Teuschler, Hugo"]
[Result "1-0"]
[WhiteElo "2279"]
[BlackElo "2007"]
[PlyCount "101"]
[EventDate "2013.10.04"]
[EventType "team"]
[EventRounds "11"]
[EventCountry "AUT"]
[WhiteTeam "ESV Austria Graz"]
[BlackTeam "Strassenbahn Graz"]

1. d4 d5 2. c4 e6 3. Nc3 Nf6 4. cxd5 exd5 5. Bg5 Be7 6. e3 c6 7. Bd3 Nbd7 8.
Qc2 O-O 9. h3 Re8 10. Nf3 Nf8 11. Bxf6 Bxf6 12. O-O-O Qa5 13. Kb1 Be6 14. g4 c5
15. g5 Be7 16. dxc5 Bxc5 17. Nd4 Bxd4 18. exd4 Rec8 19. f4 b5 20. Qd2 b4 21.
Ne2 Qb6 22. f5 Bd7 23. f6 Ne6 24. fxg7 Nxg7 25. Rdf1 Bb5 26. Rf6 Rc6 27. Rhf1
Rf8 28. Ng3 Ne8 29. Rxc6 Bxd3+ 30. Qxd3 Qxc6 31. Nf5 Qe6 32. Nh6+ Kg7 33. Nf5+
Kg8 34. h4 Nd6 35. Nxd6 Qxd6 36. h5 Re8 37. Qf5 Qe6 38. Qxe6 Rxe6 39. Rf5 b3
40. axb3 Rd6 41. b4 Kf8 42. Kc2 Ke7 43. b5 Rd8 44. Kb3 Ke6 45. Rf6+ Ke7 46. Kb4
Rg8 47. Ra6 Rxg5 48. Rxa7+ Ke6 49. b6 Rg8 50. b7 Rb8 51. Kc5 1-0

[Event "2. Bundesliga Mitte 2013/2014"]
[Site "Fuerstenfeld"]
[Date "2013.10.06"]
[Round "3"]
[Board "2"]
[White "Pilaj, Herwig"]
[Black "Petschar, Kurt"]
[Result "1-0"]
[WhiteElo "2376"]
[BlackElo "2303"]
[PlyCount "173"]
[EventDate "2013.10.04"]
[EventType "team"]
[EventRounds "11"]
[EventCountry "AUT"]
[WhiteTeam "Union Styria Graz"]
[BlackTeam "SV Raika Rapid Feffernitz II"]

1. c4 e5 2. Nc3 Nf6 3. Nf3 Nc6 4. d3 g6 5. g3 Bg7 6. Bg2 O-O 7. O-O d6 8. Rb1
Nd4 9. Nd2 c6 10. b4 Bg4 11. h3 Bd7 12. b5 Qc7 13. bxc6 Bxc6 14. Nd5 Qd7 15.
Nxf6+ Bxf6 16. Ne4 Be7 17. Nc3 Bxg2 18. Kxg2 Bf6 19. e3 Ne6 20. Qf3 Qc6 21. Nd5
Bd8 22. Rxb7 Kg7 23. Nc3 Qxf3+ 24. Kxf3 Nc5 25. Rb2 Nxd3 26. Rd2 f5 27. Rxd3
e4+ 28. Nxe4 fxe4+ 29. Kxe4 Rc8 30. Bb2+ Bf6 31. Bxf6+ Rxf6 32. Kd4 Rf5 33. f4
Ra5 34. Rf2 Kf6 35. e4 h5 36. Rb2 Rc6 37. a3 Rca6 38. Rbb3 h4 39. g4 g5 40.
fxg5+ Kxg5 41. Rb5+ Kg6 42. Rxa5 Rxa5 43. Rf3 Kg7 44. Rc3 Kg6 45. c5 Ra4+ 46.
Kd5 dxc5 47. e5 Rd4+ 48. Kxc5 Rd1 49. Rf3 Rg1 50. Kd5 Rd1+ 51. Ke4 Re1+ 52. Re3
Rg1 53. Kf4 Kf7 54. Kf5 Ke7 55. Rb3 Rg3 56. Rb7+ Kd8 57. Rxa7 Rxh3 58. Rh7 Rf3+
59. Ke4 Rxa3 60. Rxh4 Ke7 61. Rh7+ Ke6 62. Rh6+ Ke7 63. Rf6 Ra1 64. Rb6 Rf1 65.
Rb7+ Ke6 66. Rb6+ Ke7 67. g5 Rg1 68. Kf5 Rf1+ 69. Kg6 Re1 70. e6 Rg1 71. Kh6
Rh1+ 72. Kg7 Rg1 73. g6 Rg2 74. Ra6 Rg1 75. Rc6 Rg2 76. Rb6 Rg1 77. Ra6 Rg2 78.
Kh7 Rh2+ 79. Kg8 Rg2 80. g7 Rg1 81. Ra2 Kxe6 82. Re2+ Kd7 83. Re4 Rf1 84. Kh7
Rh1+ 85. Kg6 Rg1+ 86. Kf6 Rg2 87. Re5 1-0

[Event "2. Bundesliga Mitte 2013/2014"]
[Site "Fuerstenfeld"]
[Date "2013.10.06"]
[Round "3"]
[Board "3"]
[White "Jeric, Simon"]
[Black "Wittmann, Walter"]
[Result "0-1"]
[WhiteElo "2268"]
[BlackElo "2195"]
[PlyCount "80"]
[EventDate "2013.10.04"]
[EventType "team"]
[EventRounds "11"]
[EventCountry "AUT"]
[WhiteTeam "SV Raika Rapid Feffernitz II"]
[BlackTeam "Union Styria Graz"]

1. e4 c5 2. c3 d5 3. exd5 Qxd5 4. d4 Nf6 5. Nf3 Nc6 6. dxc5 Qxd1+ 7. Kxd1 e5 8.
b4 Bf5 9. Bb5 O-O-O+ 10. Ke1 g6 11. Na3 Nd5 12. Bg5 f6 13. Bd2 g5 14. h3 h5 15.
Nc4 Be6 16. a3 Be7 17. Rd1 Rhf8 18. g3 Nc7 19. Bxc6 bxc6 20. Ne3 Nb5 21. Ra1
Rd3 22. a4 Nc7 23. Rb1 Rfd8 24. Rb2 Nd5 25. h4 g4 26. Nh2 Nxc3 27. Bxc3 Rxc3
28. Ke2 f5 29. Rd1 Rxd1 30. Nxd1 Ra3 31. a5 f4 32. Nf1 Bf6 33. Rd2 Bd5 34. Nb2
Bf3+ 35. Ke1 Ra1+ 36. Nd1 e4 37. gxf4 Bc3 38. Nfe3 Bxb4 39. f5 Bxd1 40. Nxd1
Ra2 0-1

[Event "2. Bundesliga Mitte 2013/2014"]
[Site "Fuerstenfeld"]
[Date "2013.10.06"]
[Round "3"]
[Board "4"]
[White "Wertjanz, David"]
[Black "Tschohl, Christof"]
[Result "1-0"]
[WhiteElo "2281"]
[BlackElo "2146"]
[PlyCount "47"]
[EventDate "2013.10.04"]
[EventType "team"]
[EventRounds "11"]
[EventCountry "AUT"]
[WhiteTeam "Union Styria Graz"]
[BlackTeam "SV Raika Rapid Feffernitz II"]

1. e4 e5 2. Nf3 Nf6 3. d4 Nxe4 4. Bd3 d5 5. Nxe5 Nd7 6. Nxd7 Bxd7 7. O-O Nf6 8.
Re1+ Be7 9. c4 O-O 10. Nc3 Be6 11. cxd5 Nxd5 12. Ne4 Re8 13. a3 h6 14. Bc2 Bf8
15. Qf3 b6 16. Bd2 g6 17. Ba4 Bd7 18. Bb3 c6 19. Bxd5 cxd5 20. Nf6+ Kh8 21.
Nxe8 Bxe8 22. Re5 Qc7 23. Rc1 Bc6 24. Qf6+ 1-0

[Event "2. Bundesliga Mitte 2013/2014"]
[Site "Fuerstenfeld"]
[Date "2013.10.06"]
[Round "3"]
[Board "5"]
[White "Arztmann, Wolfgang"]
[Black "Stagl, Marco"]
[Result "0-1"]
[WhiteElo "2194"]
[BlackElo "2149"]
[PlyCount "58"]
[EventDate "2013.10.04"]
[EventType "team"]
[EventRounds "11"]
[EventCountry "AUT"]
[WhiteTeam "SV Raika Rapid Feffernitz II"]
[BlackTeam "Union Styria Graz"]

1. e4 d5 2. exd5 Qxd5 3. Nf3 Bg4 4. Be2 Nc6 5. d4 O-O-O 6. c4 Qd7 7. d5 Bxf3 8.
Bxf3 Ne5 9. Be2 e6 10. Nc3 Bb4 11. Qd4 Nc6 12. Qxg7 Nge7 13. dxc6 Qxc6 14. Qf6
Qxg2 15. Bf3 Qh3 16. a3 Nf5 17. Be4 Bc5 18. Qe5 Bd4 19. Qa5 Qh4 20. O-O Rhg8+
21. Kh1 Bxc3 22. Bxb7+ Kxb7 23. Qb5+ Kc8 24. Qa6+ Kd7 25. Qb5+ Ke7 26. Qc5+ Kf6
27. bxc3 Qe4+ 28. f3 Qe2 29. Bg5+ Rxg5 0-1

[Event "2. Bundesliga Mitte 2013/2014"]
[Site "Fuerstenfeld"]
[Date "2013.10.06"]
[Round "3"]
[Board "6"]
[White "Manhardt, Thomas"]
[Black "Hofer, Christian"]
[Result "1-0"]
[WhiteElo "2226"]
[BlackElo "1942"]
[PlyCount "103"]
[EventDate "2013.10.04"]
[EventType "team"]
[EventRounds "11"]
[EventCountry "AUT"]
[WhiteTeam "Union Styria Graz"]
[BlackTeam "SV Raika Rapid Feffernitz II"]

1. e4 c5 2. Nf3 e6 3. c4 Nc6 4. Nc3 a6 5. Be2 g6 6. d4 cxd4 7. Nxd4 Bg7 8. Be3
Nge7 9. O-O O-O 10. Qd2 d5 11. cxd5 exd5 12. exd5 Nxd5 13. Nxd5 Qxd5 14. Bf3
Qe5 15. Nxc6 bxc6 16. Bxc6 Rb8 17. b3 Qh5 18. Bf4 Bxa1 19. Bxb8 Bf6 20. Qf4 Bg7
21. Bf3 Qa5 22. Bd6 Re8 23. Qb4 Qxb4 24. Bxb4 Bf5 25. Rd1 h6 26. h3 Rb8 27. Ba5
Rc8 28. Rd8+ Rxd8 29. Bxd8 Bb1 30. b4 Bf8 31. Ba5 Bd3 32. a4 Bg7 33. Bb6 Bf8
34. Bc5 Bxc5 35. bxc5 a5 36. Bd5 Kf8 37. f4 Ke7 38. Kf2 f6 39. Ke3 Bf1 40. h4
g5 41. fxg5 fxg5 42. hxg5 hxg5 43. Kd4 Kd7 44. g3 Be2 45. Bc4 Bd1 46. Bb5+ Ke6
47. Bc6 Bb3 48. Kc3 Bd1 49. Kc4 Be2+ 50. Kd4 Bd1 51. Bb5 Bb3 52. Bc4+ 1-0

[Event "2. Bundesliga Mitte 2013/2014"]
[Site "Fuerstenfeld"]
[Date "2013.10.06"]
[Round "3"]
[Board "2"]
[White "Horvath, Tamas"]
[Black "Poetz, Florian"]
[Result "1/2-1/2"]
[WhiteElo "2392"]
[BlackElo "2431"]
[PlyCount "60"]
[EventDate "2013.10.04"]
[EventType "team"]
[EventRounds "11"]
[EventCountry "AUT"]
[WhiteTeam "RbEJ Gleisdorf"]
[BlackTeam "SK Sparkasse Fuerstenfeld"]

1. e4 c5 2. Nf3 e6 3. b3 b6 4. c4 Bb7 5. Nc3 d6 6. d4 cxd4 7. Nxd4 Nf6 8. Bd3
a6 9. O-O Qc7 10. Bb2 Be7 11. Qe2 O-O 12. f4 Nbd7 13. Rae1 g6 14. Kh1 Rae8 15.
Qf3 Nh5 16. Qh3 Bf6 17. Nde2 Bg7 18. Bb1 Bc6 19. Qe3 Nc5 20. Qd2 Nf6 21. Nd4
Bb7 22. Nf3 Rd8 23. Qf2 Rfe8 24. b4 Ncd7 25. Bd3 Nh5 26. Ng5 Rf8 27. Qh4 h6 28.
Nh3 Bf6 29. Qf2 Bg7 30. Qh4 Bf6 1/2-1/2

[Event "2. Bundesliga Mitte 2013/2014"]
[Site "Fuerstenfeld"]
[Date "2013.10.06"]
[Round "3"]
[Board "3"]
[White "Kuba, Guenter"]
[Black "Wegerer, Fred"]
[Result "1-0"]
[WhiteElo "2378"]
[BlackElo "2157"]
[PlyCount "71"]
[EventDate "2013.10.04"]
[EventType "team"]
[EventRounds "11"]
[EventCountry "AUT"]
[WhiteTeam "SK Sparkasse Fuerstenfeld"]
[BlackTeam "RbEJ Gleisdorf"]

1. e4 c6 2. d4 d5 3. exd5 cxd5 4. Bd3 Nc6 5. c3 g6 6. Bf4 Nh6 7. Qb3 Bg7 8. Nf3
O-O 9. O-O f6 10. c4 Na5 11. Qb4 Nxc4 12. Bxc4 a5 13. Qb3 dxc4 14. Qxc4+ Nf7
15. h3 b5 16. Qc5 Bb7 17. Nbd2 e5 18. dxe5 fxe5 19. Be3 Qd7 20. Rfd1 Rfc8 21.
Qa3 Bf8 22. Qb3 a4 23. Nxe5 axb3 24. Nxd7 Rxa2 25. Nxb3 Rxa1 26. Rxa1 Bg7 27.
Ra7 Bd5 28. Nd4 Rd8 29. Rc7 Ne5 30. Nc5 Ra8 31. Nxb5 Nc4 32. Bd4 Bxd4 33. Nxd4
Nxb2 34. Nd7 Bf7 35. Nf6+ Kg7 36. Nxh7 1-0

[Event "2. Bundesliga Mitte 2013/2014"]
[Site "Fuerstenfeld"]
[Date "2013.10.06"]
[Round "3"]
[Board "4"]
[White "Watzka, Horst"]
[Black "Feher, Adam"]
[Result "1/2-1/2"]
[WhiteElo "2250"]
[BlackElo "2395"]
[PlyCount "101"]
[EventDate "2013.10.04"]
[EventType "team"]
[EventRounds "11"]
[EventCountry "AUT"]
[WhiteTeam "RbEJ Gleisdorf"]
[BlackTeam "SK Sparkasse Fuerstenfeld"]

1. e4 c6 2. d4 d5 3. Nd2 dxe4 4. Nxe4 Bf5 5. Ng3 Bg6 6. Nf3 Nd7 7. h4 h6 8. h5
Bh7 9. Bd3 Bxd3 10. Qxd3 e6 11. Bd2 Ngf6 12. O-O-O Be7 13. Ne4 Nxe4 14. Qxe4
Nf6 15. Qe2 Qd5 16. Kb1 Qe4 17. Be3 Rd8 18. Ne5 Nd5 19. Qf3 Qxf3 20. Nxf3 Bd6
21. Ne1 b5 22. c3 a5 23. Nd3 Ke7 24. Bd2 a4 25. Kc2 Rc8 26. Rde1 c5 27. dxc5
Bxc5 28. a3 Rhd8 29. f4 f5 30. Nxc5 Rxc5 31. Re5 Rc6 32. Be3 b4 33. axb4 Nxb4+
34. Kb1 Nd5 35. Bd2 Nf6 36. Be1 Rb6 37. Bf2 Rb7 38. Kc2 Rdb8 39. Bc5+ Kf7 40.
Ba3 Nd5 41. g3 Rc8 42. g4 Kf6 43. gxf5 Nxf4 44. Re4 Kxf5 45. Rxa4 Rd7 46. Ra5+
Rd5 47. Ra7 Kf6 48. Be7+ Kf5 49. Ba3 Kf6 50. Be7+ Kf5 51. Ba3 1/2-1/2

[Event "2. Bundesliga Mitte 2013/2014"]
[Site "Fuerstenfeld"]
[Date "2013.10.06"]
[Round "3"]
[Board "5"]
[White "Radnetter, Georg"]
[Black "Sandner, Wolfgang"]
[Result "1/2-1/2"]
[WhiteElo "2257"]
[BlackElo "2206"]
[PlyCount "53"]
[EventDate "2013.10.04"]
[EventType "team"]
[EventRounds "11"]
[EventCountry "AUT"]
[WhiteTeam "SK Sparkasse Fuerstenfeld"]
[BlackTeam "RbEJ Gleisdorf"]

1. Nf3 g6 2. g3 Bg7 3. Bg2 c5 4. c4 Nc6 5. O-O d6 6. Nc3 Nh6 7. d3 Nf5 8. e4
Nfd4 9. Nxd4 Nxd4 10. Ne2 Bg4 11. f3 Bd7 12. Be3 Nxe2+ 13. Qxe2 O-O 14. Qd2 Qb6
15. Rab1 Qa6 16. b4 cxb4 17. Rxb4 Rfc8 18. Rfb1 b6 19. Bf1 Qa5 20. d4 Qh5 21.
Be2 Rd8 22. a4 Qh3 23. Bf1 Qh5 24. Be2 Qh3 25. Bf1 Qh5 26. Be2 Qh3 27. Bf1
 1/2-1/2

[Event "2. Bundesliga Mitte 2013/2014"]
[Site "Fuerstenfeld"]
[Date "2013.10.06"]
[Round "3"]
[Board "6"]
[White "Perhinig, Robert"]
[Black "Hatzl, Johannes"]
[Result "1-0"]
[WhiteElo "2282"]
[BlackElo "2129"]
[PlyCount "167"]
[EventDate "2013.10.04"]
[EventType "team"]
[EventRounds "11"]
[EventCountry "AUT"]
[WhiteTeam "RbEJ Gleisdorf"]
[BlackTeam "SK Sparkasse Fuerstenfeld"]

1. d4 d5 2. c4 e6 3. Nf3 c6 4. e3 Bd6 5. Bd3 f5 6. O-O Nf6 7. b3 Qe7 8. a4 O-O
9. Ba3 Bxa3 10. Nxa3 Ne4 11. Ne5 Nd7 12. Nxd7 Bxd7 13. f3 Nf6 14. f4 b6 15. Qd2
c5 16. a5 Rfd8 17. axb6 axb6 18. Nc2 Bc6 19. Rxa8 Rxa8 20. Rb1 Ra2 21. Ra1 Qa7
22. Qc1 Ng4 23. h3 Rxa1 24. Nxa1 Nxe3 25. Qxe3 Qxa1+ 26. Kh2 Kf7 27. dxc5 bxc5
28. Qxc5 Qa8 29. cxd5 Bxd5 30. Bc4 Qb8 31. Bxd5 exd5 32. Qxd5+ Kf6 33. Qd4+ Kf7
34. b4 g5 35. g3 gxf4 36. Qxf4 Qb5 37. Qd2 Kg6 38. h4 Kf7 39. h5 Kf6 40. Kg2
Qc6+ 41. Kf2 Qh1 42. Qd6+ Kf7 43. h6 Qh2+ 44. Ke1 Qc2 45. Kf1 Qe4 46. Kf2 Qc2+
47. Ke3 Qe4+ 48. Kd2 Qc4 49. Qd7+ Kg6 50. b5 Qb4+ 51. Kd1 Qb1+ 52. Ke2 Qe4+ 53.
Kf2 Qc2+ 54. Kf1 Qb1+ 55. Kf2 Qc2+ 56. Kg1 Qb1+ 57. Kh2 Kxh6 58. Qc6+ Kg5 59.
b6 Qd1 60. Qc5 Qe2+ 61. Kg1 Qe1+ 62. Kg2 Qe2+ 63. Qf2 Qb5 64. Qf4+ Kf6 65. Qd6+
Kg5 66. Qe7+ Kh6 67. b7 Qd5+ 68. Kf2 Qa2+ 69. Kf3 Qd5+ 70. Kf4 Qd4+ 71. Kxf5
Qf2+ 72. Ke5 Qxg3+ 73. Ke6 Qb3+ 74. Kf6 Qf3+ 75. Ke5 Qc3+ 76. Kd5 Qf3+ 77. Kd6
Qa3+ 78. Kd7 Qa4+ 79. Kd8 Qa5+ 80. Kc8 Qc3+ 81. Kd7 Qb2 82. Qd6+ Kh5 83. b8=Q
Qg7+ 84. Kc6 1-0